Statistics for All Flying-type Pokemon

Click here to take the quiz!

General Stats

  • This quiz has been taken 12 times
  • The average score is 94 of 105

Answer Stats

HintAnswer% Correct
142Aerodactyl
100%
144Articuno
100%
12Butterfree
100%
6Charizard
100%
169Crobat
100%
149Dragonite
100%
83Farfetch'd
100%
22Fearow
100%
42Golbat
100%
250Ho-Oh
100%
249Lugia
100%
146Moltres
100%
18Pidgeot
100%
17Pidgeotto
100%
16Pidgey
100%
123Scyther
100%
21Spearow
100%
145Zapdos
100%
41Zubat
100%
334Altaria
91%
566Archen
91%
567Archeops
91%
267Beautifly
91%
628Braviary
91%
225Delibird
91%
85Dodrio
91%
84Doduo
91%
426Drifblim
91%
580Ducklett
91%
587Emolga
91%
662Fletchinder
91%
207Gligar
91%
472Gliscor
91%
130Gyarados
91%
701Hawlucha
91%
430Honchkrow
91%
187Hoppip
91%
189Jumpluff
91%
643Landorus
91%
166Ledian
91%
165Ledyba
91%
630Mandibuzz
91%
226Mantine
91%
458Mantyke
91%
284Masquerain
91%
414Mothim
91%
198Murkrow
91%
177Natu
91%
715Noivern
91%
279Pelipper
91%
519Pidove
91%
127Pinsir
91%
384Rayquaza
91%
479Rotom
91%
373Salamence
91%
492Shaymin
91%
561Sigilyph
91%
227Skarmory
91%
398Staraptor
91%
397Staravia
91%
396Starly
91%
333Swablu
91%
581Swanna
91%
277Swellow
91%
528Swoobat
91%
276Taillow
91%
663Talonflame
91%
642Thundurus
91%
468Togekiss
91%
176Togetic
91%
641Tornadus
91%
733Toucannon
91%
520Tranquill
91%
357Tropius
91%
521Unfezant
91%
629Vullaby
91%
278Wingull
91%
527Woobat
91%
178Xatu
91%
717Yveltal
91%
797Celesteela
82%
441Chatot
82%
415Combee
82%
723Dartrix
82%
425Drifloon
82%
661Fletchling
82%
163Hoothoot
82%
291Ninjask
82%
164Noctowl
82%
714Noibat
82%
741Oricorio
82%
731Pikipek
82%
722Rowlet
82%
627Rufflet
82%
188Skiploom
82%
732Trumbeak
82%
416Vespiquen
82%
666Vivillon
82%
193Yanma
82%
469Yanmega
82%
823Corviknight
73%
845Cramorant
73%
774Minior
73%
821Rookidee
73%
822Corvisquire
64%

Score Distribution

Percentile by Number Answered

Percent of People with Each Score

Your Score History

You have not taken this quiz